| 000 | 00875nam a22001817a 4500 | ||
|---|---|---|---|
| 999 |
_c62854 _d62854 |
||
| 003 | Ge_BSU | ||
| 005 | 20250310165245.0 | ||
| 008 | 250310s1982 ge ||||| |||| 00| 0 geo d | ||
| 041 | _ageo | ||
| 080 | _a616.155.194-053.2 ჭ-97 | ||
| 100 |
_aჭყონია, ქ. _924502 |
||
| 245 |
_aრა უნდა იცოდეს მშობელმა ადრეული ასაკის ბავშვთა ანემიის შესახებ / _cსაქ. სსრ ჯანდაცვის სამინისტროს სანიტარ. განათლ. რესპ. სახლი. |
||
| 264 |
_aთბ. : _b საბჭ. საქართველო, _c1982. |
||
| 300 |
_a14გვ. ; _b16სმ. |
||
| 653 | _aანემია ბავშვებში | ||
| 653 | _aმედიცინა | ||
| 942 |
_2udc _cᲬᲘᲒᲜᲘ |
||